• 首页
  • 本馆介绍
  • 公告通知
  • 最新文献
  • 馆藏检索
  • 电子资源
  • 读者导购
  • 参考咨询
  • 我的图书馆
  • 登录
  • 详细信息显示
  • 放入我的书架
  • 预约/预借图书
  • 作者相关作品
  • 分类相关作品
  • 丛书相关作品
  • 出版社相关作品

书目信息

  • 表格格式
  • 工作单格式
  • 卡片格式
题名:
园艺产品贮藏加工学
    
 
作者: 秦文 主编
分册:  
出版信息: 北京   科学出版社  2012.7
页数: xiii, 395页
开本: 26cm
丛书名: 普通高等教育“十二五”规划教材
单 册:
中图分类: S609
科图分类:
主题词: 园艺作物--加工--高等学校--教材 , 园艺作物--贮藏--高等学校--教材
电子资源:
ISBN: 978-7-03-034531-8
000 01111nam 2200277 45
001 1355421264
005 20130513150017.46
010    @a978-7-03-034531-8@dCNY44.00
100    @a20130108d2012 em y0chiy0121 ea
101 0  @achi
102    @aCN@b110000
105    @aak a 000yy
106    @ar
200 1  @a园艺产品贮藏加工学@AYuan Yi Chan Pin Zhu Cang Jia Gong Xue@f秦文主编@FQin Wen Zhu Bian
210    @a北京@c科学出版社@d2012.7
215    @axiii, 395页@c图@d26cm
225 2  @a普通高等教育“十二五”规划教材@i食品科学与工程系列教材
320    @a有书目 (第394-395页)
330    @a全书共14章, 包括园艺产品的品质特性、采后生理病理与贮藏技术、商品化处理与运销、园艺产品贮藏各论、加工保藏对原料的要求及预处理、干制加工、罐藏加工、发酵加工、腌制加工、冷冻加工、鲜切加工、花卉食品加工、副产物综合利用等内容。
461  0 @12001 @a普通高等教育“十二五”规划教材@i食品科学与工程系列教材
606 0  @a园艺作物@x加工@x高等学校@j教材
606 0  @a园艺作物@x贮藏@x高等学校@j教材
690    @aS609@v5
701  0 @a秦文@AQin Wen@4主编
801    @aCN@bTANGWEI@c20130111
905    @b0831219-21@dS609@e239@f3
    
    园艺产品贮藏加工学/秦文主编.-北京:科学出版社,2012.7
    xiii, 395页:图;26cm.-(普通高等教育“十二五”规划教材.食品科学与工程系列教材)
    
    
    ISBN 978-7-03-034531-8:CNY44.00
    全书共14章, 包括园艺产品的品质特性、采后生理病理与贮藏技术、商品化处理与运销、园艺产品贮藏各论、加工保藏对原料的要求及预处理、干制加工、罐藏加工、发酵加工、腌制加工、冷冻加工、鲜切加工、花卉食品加工、副产物综合利用等内容。
●
相关链接 在E读中查询图书 在五车中查询图书 在当当中查询图书 在豆瓣中查询图书


正题名:园艺产品贮藏加工学     索取号:S609/239         预约/预借

序号 登录号 条形码 馆藏地/架位号 状态 备注
1 0831219   208312191   第二样本阅览室/ [索取号:S609/239] 在馆    
2 0831220   208312208   第三借阅区/ [索取号:S609/239] 在馆    
3 0831221   208312217   第三借阅区/ [索取号:S609/239] 在馆    
唐山师范学院图书馆 欢迎您!
大连网信软件有限公司© 版权所有